Platobné karty - peniaze, ktoré kráčajú s dobou

Používanie domácich a medzinárodných platobných kariet. Charakteristické črty platobných kariet. Domáca platobná karta Cirrus/Maestro. Medzinárodná platobná karta Cirrus/Maestro. Medzinárodná platobná karta EUROCARD/MasterCard Standard, EUROCARD/MasterCard Silver, EUROCARD/MasterCard Gold. VISA Elec...

ver descrição completa

Na minha lista:
Detalhes bibliográficos
Autor principal: Kováčik, Ľuboš
Formato: Capítulo de Livro
Idioma:eslovaco
Assuntos:
Tags: Adicionar Tag
Sem tags, seja o primeiro a adicionar uma tag!

MARC

LEADER 00000naa a2200000 4500
001 r035205
005 20230809074618.8
041 0 |a slo 
044 |a SK 
245 1 0 |a Platobné karty - peniaze, ktoré kráčajú s dobou  |c Ľuboš Kováčik 
520 |a Používanie domácich a medzinárodných platobných kariet. Charakteristické črty platobných kariet. Domáca platobná karta Cirrus/Maestro. Medzinárodná platobná karta Cirrus/Maestro. Medzinárodná platobná karta EUROCARD/MasterCard Standard, EUROCARD/MasterCard Silver, EUROCARD/MasterCard Gold. VISA Electron, VISA Business Gold. 
610 2 0 |a karty platobné 
610 2 0 |a styk platobný bezhotovostný 
610 2 0 |a styk platobný medzinárodný 
610 2 0 |a peniaze elektronické 
610 2 0 |a CIRRUS/Maestro 
610 2 0 |a EUROCARD/MasterCard 
610 2 0 |a VISA Electron 
610 2 0 |a VISA Business Gold 
610 2 0 |a klienti 
100 1 |a Kováčik, Ľuboš